Podpora rozvoja malého a stredného podnikania

Podpora rozvoja a podporné programy v oblasti malého a stredného podnikania. Legislatívne upravujúce podmienky a fungovanie trhu EÚ. Podpora podnikania domácich a zahraničných investorov. Operačný program konkurencieschopnosť a hospodársky rast.

Na minha lista:
Detalhes bibliográficos
Autor principal: Hudák, Jozef
Formato: Capítulo de Livro
Idioma:eslovaco
Assuntos:
Tags: Adicionar Tag
Sem tags, seja o primeiro a adicionar uma tag!

MARC

LEADER 00000naa a2200000 4500
001 0122023
005 20220729105005.3
041 0 |a slo 
044 |a SK 
245 1 0 |a Podpora rozvoja malého a stredného podnikania  |c Jozef Hudák 
520 |a Podpora rozvoja a podporné programy v oblasti malého a stredného podnikania. Legislatívne upravujúce podmienky a fungovanie trhu EÚ. Podpora podnikania domácich a zahraničných investorov. Operačný program konkurencieschopnosť a hospodársky rast. 
610 2 0 |a podnikanie malé 
610 2 0 |a podnikanie stredné 
610 2 0 |a Slovensko 
610 2 0 |a Európska únia 
610 2 0 |a rast hospodársky 
610 2 0 |a stratégia inovačná 
610 2 0 |a programy racionalizačné 
610 2 0 |a produktivita 
610 2 0 |a podpora podnikania 
610 2 0 |a pomoc štátna 
610 2 0 |a legislatíva 
610 2 0 |a spolupráca medzinárodná 
100 1 |a Hudák, Jozef